Регионална библиотека "Любен Каравелов" - Русе

Венгерский танец N1 (Запис номер 320831)

MARC детайли
000 -Лидер
Контролно поле с фиксирана дължина 01349ncm a2200349 c 4500
003 - Код на организацията, давaща контролен номер
Контролно поле BLK
005 - Дата и час на последна редакция
Контролно поле 20240807005427.0
008 - Елементи от данни с фиксирана дължина
fixed length control field 180414b bul |a|er|||| |0| c|bulo|
010 ## - Наследен системен номер
LC control number NOT00003814000
040 ## - Източник на каталожния запис
Идентификатор на билиотеката - собственик на записа BLK
041 ## - Код за език
Код за езика на текст/звукозапис или на отделно заглавие Руски
Код за езика КДБФ Руски
080 ## - УДК
Текстов определител УДК Цигулка, виолина, виола д'аморе
УДК код - определител по УДК 787.1
УДК определител
УДК - код + определител 787.1
080 ## - УДК
Текстов определител УДК Дуо цигулка и пиано
УДК код - определител по УДК 785.72:787.1:786.2
УДК определител
УДК - код + определител 785.72:787.1:786.2
100 ## - Редна дума - Автор
Автор Брамс, Йоханес
Дати, свързани с автора 1833 - 1897
R(LIN) 387452
139 ## - Редно поле
Редна дума Брамс, Йоханес
Авторски знак Брак - Б 76
245 10 - Сведения за заглавието
Заглавие Венгерский танец N1
Подзаглавни данни Переложение для скрипки и фортепиано
Редно поле (дума) Йоханес Брамс; обраб. Йозеф Йоахим.
246 11 - Различни форми на заглавието
Паралелно заглавие Ungarischer Tanz Nr.1
Подзаглавни данни Bearbeitung fur Violine und Klavier
254 ## - Сведения за формата на нотното издание
Формат на описваните ноти Клавир
257 ## - Страна на издаване
Страна на създаване/издаване Германия
260 ## - Област на издателските данни
-- Москва
Име на издателя, разпространителя и проч. Музыка 12611
Година на издаване 1984
300 ## - Физическа характеристика
Страници 7 с.
Размери/Мащаб 30 см
Съпровождащи материали Щим 2 с.
380 ## - Жанр
Жанр Изкуство
650 #4 - Допълнително описание по предмет – тема
Основно описание – тема или топоним Цигулка - пиеси, сюити, рапсодии
9 (RLIN) 353434
653 ## - Ключова дума – ненормативна
Ключова дума цигулка
700 1# - Други автори (авторска отговорност)
Лично име Йоахим, Йозеф
Автороска отговорност (Описва отношението между автора и произведението) обраб.
9 (RLIN) 389252
852 ## - Местоположение
Форматна сигнатура Цб М ІІ 9709
Част 0
856 4# - Електронен адрес и достъп
Електронен формат pdf - файл
Път до файла /url/
856 4# - Електронен адрес и достъп
Електронен формат pdf - файл
Път до файла /url/
942 ## - АРТИКУЛИ
Вид на библиотечния материал Нотни издания
Скрит в OPAC Не
944 ## - СЪЗДАВАНЕ И РЕДАКЦИЯ на ЗАПИСА
Създаване/Редакция Създаване
Дата на регистрацията/редакция 15.11.2016
Служител, извършил регистрацията/редакцията
Статус, дата на статуса CRON CRON
944 ## - СЪЗДАВАНЕ И РЕДАКЦИЯ на ЗАПИСА
Създаване/Редакция Редакция
Дата на регистрацията/редакция 15.11.2016
Служител, извършил регистрацията/редакцията Камелия_Данева
999 ## - СИСТЕМНИ КОНТРОЛНИ НОМЕРА
Koha biblionumber 320831
Koha biblioitemnumber 320831
Наличности
Код за отписване Код за изгубен артикул Източник на класификационната схема Код за повреда Коз за рестрикции Код за отдаване Артикулен № Име на библиотеката - собственик Име на библиотеката, в която се намира в момента Статус (Текущо местоположение) Дата на вписване в системата Местоположение - отдел Цена в лева Инвентарен номер Систематично азбучна сигнатура Баркод Номер на екземпляра Цена в евро Служебна бележка Служебен тип на артикула
  Не е изгубен Universal Decimal Classification Не е повреден без рестрикции ползва се в читалня 674226 Регионална библиотека "Любен Каравелов" Русе Регионална библиотека "Любен Каравелов" Русе Хранилище 1984-01-01 Хранилище 0.12 422621 Цб М ІІ 9709 900000019853 1 0.06 Дост: Pk Вид: Ф N: стар фонд Дата: 01.01.1984 Бележки инв: Камелия_Да Съставил: Камелия_Данева Нотни издания
  Не е изгубен Universal Decimal Classification Не е повреден без рестрикции заемане за дома 674227 Регионална библиотека "Любен Каравелов" Русе Регионална библиотека "Любен Каравелов" Русе Отдел Изкуство - подръчен фонд 1984-01-01 Отдел Изкуство - подръчен фонд 0.12 422622 787.1/Б 76 Й 120000422622 2 0.06 Дост: Pk Вид: Ф N: стар фонд Дата: 01.01.1984 Бележки инв: Камелия_Да Съставил: Камелия_Данева Нотни издания
Vip Innovations Ltd, Rousse, Bulgaria 2025